000 00760 a2200229 4500
999 _c8303
_d8303
020 _a9781471874734
050 _aQA76.575 CAM 2016
100 _aAllen, Victoria
_eauthor
245 _aCambridge Technicals Level 3 :
_bdigital Media /
_cVictoria Allen, Karl Davis, Richard Howe & Ian Marshall
264 _aLondon :
_bHodder Education,
_c2016.
300 _avi, 287pages.
500 _aIncludes bibliographical references and index
650 _aDigital media
_xTextbooks.
650 _aComputers
_xGeneral
650 _aDigital media
700 _aAllen, Victoria
_eauthor
700 _aMarshall, Ian.
_eauthor
700 _aDavis Karl
_eauthor
700 _aHowe, Richard
_eauthor
700 _aWells, Kevin
_eauthor
942 _2lcc
_cBK
_h76.575
_iCAM
_kQA